000 00554nam a2200205Ia 4500
005 20250505145714.0
008 008 250505s9999 xx 000 0 eng d
037 _aTextbook
040 _aFML
_beng
_cFML
041 _aeng
_2eng
084 _aNR44(0,3) R1
_qFML
100 _aShubha ,Mudgal
_9754242
245 0 _aLooking for Miss Sargam
260 _aDelhi
_bSpeaking Tiger Books LLP.
_c2019
300 _a201p
365 _aINR
_b399
650 _aMusic
942 _cTB
_hNR44(0,3) R1
999 _c1311511
_d1311511